R v Environment Agency ex p National Grid Gas plc (formerly Transco plc) (Record no. 77214)
[ view plain ]
| 000 -LEADER | |
|---|---|
| fixed length control field | 02045cab a2200253 4500 |
| 001 - CONTROL NUMBER | |
| control field | ##L133798 |
| 008 - FIXED-LENGTH DATA ELEMENTS--GENERAL INFORMATION | |
| fixed length control field | 060612n2006 000 0 eng u |
| 035 ## - SYSTEM CONTROL NUMBER | |
| System control number | (Sirsi) u133798 |
| 041 0# - LANGUAGE CODE | |
| Language code of text/sound track or separate title | eng |
| 245 00 - TITLE STATEMENT | |
| Title | R v Environment Agency ex p National Grid Gas plc (formerly Transco plc) |
| 260 ## - PUBLICATION, DISTRIBUTION, ETC. | |
| Date of publication, distribution, etc. | 2006 |
| 520 ## - SUMMARY, ETC. | |
| Summary, etc. | [2006] EWHC 1083 (Admin), 17 May 2006. Considers whether the construction of the term appropriate person in relation to the Environmental Protection Act 1990 Part IIA should include both the original polluter and its statutory successors. Application by T for judicial review of a decision of E that T was an appropriate person within Part IIA of the Act in respect of contaminated land. E had decided that T was an appropriate person to pay for remedial work for the purposes of the Act on the ground that the pollution had been caused by one or more of T's statutory predecessors that had operated at the site. T contended that the decision was wrong in law because T had not itself knowingly caused or permitted the contamination and was therefore outside the ambit of s78 of the Act and had no existing liability under the Gas Acts 1972 and 1986. "Held": Part IIA of the 1990 Act clearly intends that primary responsibility for the remediation of contaminated land should rest on the original polluter but the only way this intention could be implemented is to construe the term appropriate person to include both the original polluter and its statutory successors |
| 590 ## - LOCAL NOTE (RLIN) | |
| Local note | IKA200606 |
| 650 24 - SUBJECT ADDED ENTRY--TOPICAL TERM | |
| Topical term or geographic name entry element | R V ENVIRONMENT AGENCY EX P NATIONAL GRID GAS PLC |
| 650 24 - SUBJECT ADDED ENTRY--TOPICAL TERM | |
| Topical term or geographic name entry element | ENVIRONMENTAL PROTECTION ACT 1990 PART IIA |
| 650 24 - SUBJECT ADDED ENTRY--TOPICAL TERM | |
| Topical term or geographic name entry element | ENVIRONMENTAL PROTECTION ACT 1990 S78F(2) |
| 650 24 - SUBJECT ADDED ENTRY--TOPICAL TERM | |
| Topical term or geographic name entry element | GAS ACT 1972 |
| 650 24 - SUBJECT ADDED ENTRY--TOPICAL TERM | |
| Topical term or geographic name entry element | GAS ACT 1986 |
| 650 24 - SUBJECT ADDED ENTRY--TOPICAL TERM | |
| Topical term or geographic name entry element | WALTERS V BABERGH DC |
| 651 #4 - SUBJECT ADDED ENTRY--GEOGRAPHIC NAME | |
| Geographic name | England and Wales |
| Chronological subdivision | 1543- |
| 690 ## - LOCAL SUBJECT ADDED ENTRY--TOPICAL TERM (OCLC, RLIN) | |
| Topical term or geographic name as entry element | ENVIRONMENTAL AND LAND CONSULTANCY-ENVIRONMENTAL MANAGEMENT |
| 856 40 - ELECTRONIC LOCATION AND ACCESS | |
| Uniform Resource Identifier | <a href="https://www.bailii.org/ew/cases/EWHC/Admin/2006/1083.html">https://www.bailii.org/ew/cases/EWHC/Admin/2006/1083.html</a> |
| Public note | View the judgment free of charge at www.bailii.org... |
| 942 ## - ADDED ENTRY ELEMENTS (KOHA) | |
| Suppress in OPAC | 0 |
| Withdrawn status | Lost status | Source of classification or shelving scheme | Damaged status | Not for loan | Home library | Current library | Shelving location | Date acquired | Total Checkouts | Full call number | Barcode | Date last seen | Copy number | Price effective from | Koha item type |
|---|---|---|---|---|---|---|---|---|---|---|---|---|---|---|---|
| Dewey Decimal Classification | Virtual | Virtual | Online | 12/06/2006 | ONLINE PUBLICATION | 133798-2001 | 06/08/2019 | 1 | 06/08/2019 | Law report |